LIBRARY & INFORMATION CENTRE, KCAET, TAVANUR

ONLINE PUBLIC ACCESS CATALOGUE (OPAC)

Nehruji ka vidhyarthi jeevan / (Record no. 3697)

MARC details
000 -LEADER
fixed length control field 00362cam a2200145ua 4500
041 ## - LANGUAGE CODE
Language code of text/sound track or separate title hin
082 ## - DEWEY DECIMAL CLASSIFICATION NUMBER
Classification number 891.4
Item number NAR/NE
100 ## - MAIN ENTRY--AUTHOR NAME
Personal name Naresh, Bathi .
245 ## - TITLE STATEMENT
Title Nehruji ka vidhyarthi jeevan /
260 ## - PUBLICATION, DISTRIBUTION, ETC. (IMPRINT)
Place of publication :
Name of publisher Sastra sahithya prakash ,
Year of publication 1894.
300 ## - PHYSICAL DESCRIPTION
Number of Pages 38 ; .
942 ## - ADDED ENTRY ELEMENTS (KOHA)
Koha item type Books
Holdings
Withdrawn status Lost status Damaged status Home library Current library Date acquired Full call number Accession Number Koha item type
Withdrawn     KAUAET Sanskrit University 07/04/2012 891.4 9682 Books
free website counter